| 000 | 00861nam a22002297a 4500 | ||
|---|---|---|---|
| 999 |
_c9670 _d9670 |
||
| 003 | AR-CdUCM | ||
| 008 | 190328b ||||| |||| 00| 0 spa d | ||
| 040 |
_aMUNICIPALIDAD PROVINCIAL DEL CUSCO _cBIBLIOTECA MUNICIPAL DEL CUSCO |
||
| 082 |
_aC / 985.0191 / _bS21 |
||
| 100 |
_aSebastian Ochoa, Julian _926027 |
||
| 245 |
_aLos cronistas del Perú : _bcontribución al estudio de las fuentes de la historia peruana / |
||
| 260 |
_aCusco : _bMiranda, _c1946. |
||
| 300 |
_a186 páginas ; _c25 cm. |
||
| 505 | _aContenido: La historia en el incario -- Los cronistas -- Biografías de los cronistas -- La biblioteca histórica del Perú... | ||
| 650 |
_aConquista. _91045 |
||
| 650 |
_aHistoria. _9136 |
||
| 650 |
_aCronistas. _91200 |
||
| 650 |
_aPrimeros escritos. _926028 |
||
| 700 |
_aValcarcel, Dniel (prologo) _926029 |
||
| 942 |
_2ddc _cLIBROS |
||
| 945 | _awfj | ||